| 000 | 00551 a2200181 4500 | ||
|---|---|---|---|
| 020 | _a8178081717 | ||
| 040 |
_aDLC _bDLC |
||
| 082 | _a519.7 | ||
| 100 | _aBaase, Sara. | ||
| 245 |
_aComputer algorithms : introduction to design and analysis _h Sara, Baase. |
||
| 250 | _a3rd ed. | ||
| 260 |
_aSingapore: _b Pearson Education Pte. Ltd., _c2003. |
||
| 300 |
_axix, 688 p. : _b ill. ; _c25 cm. |
||
| 500 | _aIncludes bibliographical references and index | ||
| 650 | _aComputer algorithms. | ||
| 700 | _aVan Gelder, Allen. | ||
| 942 |
_cBK _k519.7 BAA _2ddc |
||
| 999 |
_c7658 _d7658 |
||